ბათუმის შოთა რუსთაველის სახელმწიფო უნივერსიტეტის ბიბლიოთეკა

TURKİYE CUMHURİYETİ DİŞİŞLERİ BAKANLİĞ RESİM KOLEKSİYONU PAİNTİNC COLLECTİON OF THE MİNİSTRY OF FOREİGH AFFAİRS OF THE REPUBLİC OF TURKEY (ბიბ.ჩანაწერი № 36447)

000 -LEADER
fixed length control field 00903nam a2200205Ia 4500
001 - CONTROL NUMBER
control field 2362
003 - CONTROL NUMBER IDENTIFIER
control field GE_BSU
005 - DATE AND TIME OF LATEST TRANSACTION
control field 20221027105613.0
008 - FIXED-LENGTH DATA ELEMENTS--GENERAL INFORMATION
fixed length control field 181216s2010tu xx |||||||||||||| ||tur||
020 ## - INTERNATIONAL STANDARD BOOK NUMBER
International Standard Book Number 9780757307709
040 ## - CATALOGING SOURCE
Transcribing agency GE_BSU
041 ## - LANGUAGE CODE
Language code of text/sound track or separate title tur
080 ## - UNIVERSAL DECIMAL CLASSIFICATION NUMBER
Universal Decimal Classification number 327(560) T-95
245 ## - TITLE STATEMENT
Title TURKİYE CUMHURİYETİ DİŞİŞLERİ BAKANLİĞ RESİM KOLEKSİYONU PAİNTİNC COLLECTİON OF THE MİNİSTRY OF FOREİGH AFFAİRS OF THE REPUBLİC OF TURKEY
260 ## - PUBLICATION, DISTRIBUTION, ETC.
Date of publication, distribution, etc. 2010
300 ## - PHYSICAL DESCRIPTION
Extent 418 c.:
653 ## - INDEX TERM--UNCONTROLLED
keyword TURKİYE CUMHURİYETİ DİŞİŞLERİ BAKANLİĞ RESİM KOLEKSİYONU PAİNTİNC COLLECTİON OF THE MİNİSTRY OF FOREİGH AFFAİRS OF THE REPUBLİC OF TURKEY
653 ## - INDEX TERM--UNCONTROLLED
keyword თურქეთის რესპუბლიკის საგარეო საქმეთა სამინისტროს ნახატების კოლექცია
942 ## - ADDED ENTRY ELEMENTS (KOHA)
Koha item type წიგნი
Source of classification or shelving scheme
ეგზემპლარები
Withdrawn status Lost status Source of classification or shelving scheme Damaged status Not for loan Permanent Location Current Location Shelving location Date acquired Cost, normal purchase price Full call number Barcode Date last seen Copy number Price effective from Koha item type Public note
          ბათუმის შოთა რუსთაველის სახელმწიფო უნივერსიტეტის მთავარი ბიბლიოთეკა ბათუმის შოთა რუსთაველის სახელმწიფო უნივერსიტეტის მთავარი ბიბლიოთეკა წიგნსაცავი 2018-12-17 30.00 327(560) T-95 4534 2018-12-17 4534 2018-12-17 წიგნი 30.00